Design maintenance: designers, their designs & procedures in relation to improvements in the quality & efficiency of maintenance works. (Record no. 132)

MARC details
000 -LEADER
fixed length control field 00963cab a2200229 4500
001 - CONTROL NUMBER
control field ABS52825
008 - FIXED-LENGTH DATA ELEMENTS--GENERAL INFORMATION
fixed length control field 090401t1994 xxu||||| |||| 00| 0 eng d
035 ## - SYSTEM CONTROL NUMBER
System control number (Sirsi) u344
041 ## - LANGUAGE CODE
Language code of text/sound track or separate title eng
100 ## - MAIN ENTRY--PERSONAL NAME
Personal name Hashim, A.
245 ## - TITLE STATEMENT
Title Design maintenance: designers, their designs & procedures in relation to improvements in the quality & efficiency of maintenance works.
260 ## - PUBLICATION, DISTRIBUTION, ETC.
Date of publication, distribution, etc. 1994
350 ## - PRICE (NR) (BK AM CF MU VM SE) [OBSOLETE]
Price 0
490 ## - SERIES STATEMENT
Series statement Surveyor (Institution of Surveyors` Malaysia)
Volume/sequential designation 29(4) 1994, 11-15(5)
520 ## - SUMMARY, ETC.
Summary, etc. Outlines the importance of maintenance issues for designers when planning buildings, covering the influence of design, causes of defects, defects liability, building control, the need for information on performance and the design/maintenance relationship.(Local practice).
650 ## - SUBJECT ADDED ENTRY--TOPICAL TERM
Topical term or geographic name entry element COSTS-IN-USE
650 ## - SUBJECT ADDED ENTRY--TOPICAL TERM
Topical term or geographic name entry element DESIGN BRIEFS
650 ## - SUBJECT ADDED ENTRY--TOPICAL TERM
Topical term or geographic name entry element PERFORMANCE
690 ## - LOCAL SUBJECT ADDED ENTRY--TOPICAL TERM (OCLC, RLIN)
Topical term or geographic name as entry element BUILDING AND CONSTRUCTION-REPAIRS AND MAINTENANCE
942 ## - ADDED ENTRY ELEMENTS (KOHA)
Suppress in OPAC 0
948 ## - LOCAL PROCESSING INFORMATION (OCLC); SERIES PART DESIGNATOR (RLIN)
c (OCLC) 04/03/1997
Holdings
Withdrawn status Lost status Source of classification or shelving scheme Damaged status Not for loan Home library Current library Shelving location Date acquired Total Checkouts Full call number Barcode Date last seen Copy number Price effective from Koha item type
    Dewey Decimal Classification     London London Journal article 14/09/1999   ABS52825 344-1001 06/08/2019 1 06/08/2019 Journal article